[Event "ITA-ch Online U20 Qual GpA"]
[Site "Premium Chess Arena INT"]
[Date "2020.11.19"]
[Round "5.3"]
[White "Tiraboschi, Nicolo"]
[Black "Landi, Alberto"]
[Result "1-0"]
[WhiteElo "2277"]
[BlackElo "2247"]
[PlyCount "109"]
[EventDate "2020.11.18"]
[EventType "tourn (rapid)"]
[EventRounds "7"]
[EventCountry "ITA"]
[EventCategory "1"]
[SourceTitle "CBM 199 Extra"]
[Source "ChessBase"]
[SourceDate "2021.01.31"]
[SourceVersion "1"]
[SourceVersionDate "2021.01.31"]
[SourceQuality "1"]

1. e4 e6 2. d4 d5 3. exd5 exd5 4. Nf3 Bd6 5. c4 dxc4 6. Bxc4 Nf6 7. Qe2+ Qe7 8. Qxe7+ Bxe7 9. Bf4 Bd6 10. Bxd6 cxd6 11. 0-0 0-0 12. h3 a6 13. a4 Bf5 14. Nc3 Nc6 15. Rfe1 Rac8 16. g4 Nb4 17. Bf1 Bd7 18. Rad1 Nfd5 19. Nxd5 Nxd5 20. a5 Rc2 21. Rd2 Rfc8 22. Kh2 Kf8 23. Kg3 Rc1 24. Rxc1 Rxc1 25. Bd3 Nb4 26. Be4 d5 27. Ne5 Bb5 28. Bf5 g6 29. Bd3 Bxd3 30. Nxd3 Nxd3 31. Rxd3 Rc4 32. Rb3 Rxd4 33. Rxb7 Ra4 34. b4 Ra3+ 35. Kf4 Rxh3 36. Rb6 Rb3 37. Ke5 Kg7 38. g5 Rb2 39. f4 h5 40. gxh6+ Kxh6 41. Kxd5 Kh5 42. Kc5 Rc2+ 43. Kd5 Rb2 44. Kc4 Rf2 45. Rf6 Rc2+ 46. Kd5 Rc7 47. Rxa6 f5 48. b5 Kg4 49. Rxg6+ Kxf4 50. b6 Rc1 51. b7 Rd1+ 52. Kc6 Rb1 53. a6 Ke4 54. a7 Rc1+ 55. Kd7 1-0

[Event "ITA-ch Online U20 Qual GpA"]
[Site "Premium Chess Arena INT"]
[Date "2020.11.18"]
[Round "2.4"]
[White "Landi, Alberto"]
[Black "Di Benedetto, Edoardo"]
[Result "0-1"]
[WhiteElo "2247"]
[BlackElo "2386"]
[PlyCount "76"]
[EventDate "2020.11.18"]
[EventType "tourn (rapid)"]
[EventRounds "7"]
[EventCountry "ITA"]
[EventCategory "1"]
[SourceTitle "CBM 199 Extra"]
[Source "ChessBase"]
[SourceDate "2021.01.31"]
[SourceVersion "1"]
[SourceVersionDate "2021.01.31"]
[SourceQuality "1"]

1. e4 e6 2. d3 d5 3. Qe2 Nf6 4. Nf3 g6 5. e5 Nfd7 6. Bg5 Be7 7. h4 h6 8. Bxe7 Qxe7 9. d4 c5 10. c3 Nc6 11. Qe3 b6 12. Na3 a6 13. Nc2 Bb7 14. Bd3 0-0-0 15. b3 Kb8 16. a4 Rc8 17. h5 g5 18. 0-0 Na5 19. Nd2 cxd4 20. cxd4 Rc3 21. Qe2 Rhc8 22. b4 Nc6 23. b5 Rxc2 24. bxc6 R2xc6 25. Bxa6 Bxa6 26. Qxa6 Qb4 27. Rfd1 Rc2 28. Rab1 Rb2 29. Rxb2 Qxb2 30. Rb1 Rc1+ 31. Rxc1 Qxc1+ 32. Nf1 Qc3 33. Qb5 Kc7 34. Qb1 Qxd4 35. Qc2+ Kb7 36. Qh7 Nxe5 37. Ne3 Qf4 38. Qh8 Nd3 0-1

[Event "ITA-ch sf 78th"]
[Site "Alessandria"]
[Date "2018.07.29"]
[Round "9"]
[White "Landi, Alberto"]
[Black "Gallana, Marco"]
[Result "0-1"]
[WhiteElo "2177"]
[BlackElo "2216"]
[PlyCount "152"]
[EventDate "2018.07.21"]
[EventType "swiss"]
[EventRounds "9"]
[EventCountry "ITA"]
[SourceTitle "CBM 186 Extra"]
[Source "ChessBase"]
[SourceDate "2018.08.24"]
[SourceVersion "1"]
[SourceVersionDate "2018.08.24"]
[SourceQuality "1"]

1. e4 c5 2. c3 d5 3. exd5 Nf6 4. Qa4+ Nbd7 5. c4 b5 6. Qxb5 Rb8 7. Qa4 e6 8. dxe6 Qe7 9. Be2 Qxe6 10. Nf3 Bb7 11. 0-0 Bd6 12. Nc3 0-0 13. d3 Ne5 14. Ng5 Qf5 15. f4 Ng6 16. Nce4 Nxf4 17. Bxf4 Bxf4 18. Nh3 Be3+ 19. Kh1 Qe5 20. Nxf6+ gxf6 21. Bf3 Bc8 22. Nf2 Rxb2 23. Ng4 Bxg4 24. Bxg4 Bf4 25. Qc6 Rfb8 26. Qf3 Bxh2 27. Bh3 Bg3 28. Qxf6 Qxf6 29. Rxf6 Rb1+ 30. Rf1 Rxa1 31. Rxa1 Rb2 32. a4 a5 33. Bf5 Kg7 34. Kg1 h5 35. Be4 f6 36. Rf1 h4 37. Rf5 Rb1+ 38. Rf1 Rb4 39. Bc6 Rb3 40. Rf3 Rb1+ 41. Rf1 Rb2 42. Rf5 Re2 43. Rf1 Kf7 44. Bd5+ Ke7 45. Rb1 f5 46. Rf1 Kf6 47. Be4 f4 48. Bf3 Ra2 49. Bc6 Ke5 50. Bb5 Kd4 51. Rf3 Re2 52. Ba6 Re3 53. Bb5 Kxd3 54. Rf1 Re2 55. Rf3+ Kd4 56. Ba6 Ra2 57. Bb5 Ra1+ 58. Rf1 Ra3 59. Rf3 Re3 60. Ba6 Kd3 61. Rf1 Kd2 62. Bb5 Re2 63. Ba6 Re3 64. Bb5 Ke2 65. Ra1 Rc3 66. Ra2+ Ke3 67. Ra1 Rc2 68. Ra3+ Ke2 69. Ra1 h3 70. gxh3 f3 71. Bc6 Bf4 72. h4 Bc1 73. Kh1 f2 74. Bg2 f1Q+ 75. Bxf1+ Kxf1 76. Rb1 Rxc4 0-1

[Event "ITA-ch sf 78th"]
[Site "Alessandria"]
[Date "2018.07.24"]
[Round "4"]
[White "Mortola, Alberto"]
[Black "Landi, Alberto"]
[Result "0-1"]
[WhiteElo "1978"]
[BlackElo "2177"]
[PlyCount "91"]
[EventDate "2018.07.21"]
[EventType "swiss"]
[EventRounds "9"]
[EventCountry "ITA"]
[SourceTitle "CBM 186 Extra"]
[Source "ChessBase"]
[SourceDate "2018.08.24"]
[SourceVersion "1"]
[SourceVersionDate "2018.08.24"]
[SourceQuality "1"]

1. d4 d5 2. Bg5 h6 3. Bf4 c5 4. c3 Nc6 5. e3 Nf6 6. Bd3 Qb6 7. Nd2 c4 8. Bc2 Qxb2 9. Ne2 e6 10. 0-0 Qb6 11. Rb1 Qa5 12. Ba4 Be7 13. Nf3 0-0 14. Qc2 Ne4 15. Bxc6 bxc6 16. Ne5 Qa6 17. f3 Nf6 18. a4 Nd7 19. Ng4 c5 20. Ng3 f5 21. Ne5 Nxe5 22. Bxe5 Bd6 23. Bxd6 Qxd6 24. f4 Bd7 25. a5 Qc7 26. Qa2 Rab8 27. Qa3 cxd4 28. exd4 Rxb1 29. Rxb1 Qxf4 30. Qe7 Qc7 31. a6 Rf7 32. Rb7 Rxe7 33. Rxc7 Kf7 34. Rxa7 Bc6 35. Rxe7+ Kxe7 36. Kf2 Kd6 37. Ke3 g5 38. Nh5 f4+ 39. Nxf4 gxf4+ 40. Kxf4 h5 41. g3 e5+ 42. dxe5+ Kc5 43. Ke3 Kb6 44. Kd4 Kxa6 45. e6 Kb5 46. g4 0-1

[Event "ITA-ch sf 78th"]
[Site "Alessandria"]
[Date "2018.07.23"]
[Round "3"]
[White "Landi, Alberto"]
[Black "Bentivegna, Francesco"]
[Result "0-1"]
[WhiteElo "2177"]
[BlackElo "2271"]
[PlyCount "54"]
[EventDate "2018.07.21"]
[EventType "swiss"]
[EventRounds "9"]
[EventCountry "ITA"]
[SourceTitle "CBM 186 Extra"]
[Source "ChessBase"]
[SourceDate "2018.08.24"]
[SourceVersion "1"]
[SourceVersionDate "2018.08.24"]
[SourceQuality "1"]

1. e4 e5 2. Nf3 Nc6 3. Bb5 Bb4 4. c3 Ba5 5. 0-0 Nge7 6. d4 exd4 7. cxd4 d5 8. Ne5 0-0 9. Nxc6 bxc6 10. Bd3 Bb6 11. Be3 f5 12. exf5 Bxf5 13. Bg5 Qd6 14. Nc3 Qe6 15. Bxe7 Bxd3 16. Bxf8 Bxf1 17. Qxf1 Rxf8 18. Rd1 Qf6 19. Ne2 c5 20. dxc5 Bxc5 21. Rxd5 Bxf2+ 22. Kh1 Qxb2 23. Qd1 Bb6 24. a4 c6 25. Rd7 Qc2 26. Qa1 Rf7 27. Nd4 Qc3 0-1

[Event "ITA-ch sf 78th"]
[Site "Alessandria"]
[Date "2018.07.22"]
[Round "2"]
[White "Bin Suhayl, Ieysaa"]
[Black "Landi, Alberto"]
[Result "0-1"]
[WhiteElo "2078"]
[BlackElo "2177"]
[PlyCount "74"]
[EventDate "2018.07.21"]
[EventType "swiss"]
[EventRounds "9"]
[EventCountry "ITA"]
[SourceTitle "CBM 186 Extra"]
[Source "ChessBase"]
[SourceDate "2018.08.24"]
[SourceVersion "1"]
[SourceVersionDate "2018.08.24"]
[SourceQuality "1"]

1. d4 d5 2. c4 e6 3. Nf3 Nf6 4. g3 Bb4+ 5. Bd2 Be7 6. Bg2 0-0 7. 0-0 Nbd7 8. Qc2 Ne4 9. Nc3 Nxd2 10. Nxd2 c6 11. e4 dxe4 12. Ncxe4 f5 13. Nc3 e5 14. dxe5 Nxe5 15. Rfe1 Bf6 16. Nf3 Qd3 17. Qe2 Qxe2 18. Rxe2 Nxc4 19. Rc1 Nb6 20. Rd1 Bxc3 21. bxc3 f4 22. Re7 fxg3 23. hxg3 Bg4 24. Rd3 Bf5 25. Rd2 Rf7 26. Rde2 Nd5 27. Re8+ Rxe8 28. Rxe8+ Rf8 29. Rxf8+ Kxf8 30. Nd4 Ne7 31. Nxf5 Nxf5 32. Kf1 Ke7 33. Ke2 Kd6 34. Kd3 b6 35. Be4 g6 36. Bf3 Ne7 37. Be2 Nf5 0-1

[Event "Ortisei Server24 op 4th"]
[Site "Ortisei"]
[Date "2018.06.24"]
[Round "9"]
[White "Zenari, Marco"]
[Black "Landi, Alberto"]
[Result "0-1"]
[WhiteElo "2177"]
[BlackElo "2198"]
[PlyCount "108"]
[EventDate "2018.06.16"]
[EventType "tourn"]
[EventRounds "9"]
[EventCountry "ITA"]
[SourceTitle "CBM 185 Extra"]
[Source "ChessBase"]
[SourceDate "2018.07.29"]
[SourceVersion "1"]
[SourceVersionDate "2018.07.29"]
[SourceQuality "1"]

1. e4 e6 2. d4 d5 3. Nc3 Nf6 4. Bg5 Be7 5. e5 Nfd7 6. h4 h6 7. Bxe7 Qxe7 8. Qg4 0-0 9. Nf3 c5 10. dxc5 Nc6 11. Qg3 Nxc5 12. 0-0-0 a6 13. Bd3 f6 14. Rhe1 Bd7 15. Kb1 b5 16. exf6 Qxf6 17. Qd6 Qe7 18. Qxe7 Nxe7 19. Ne5 Be8 20. f3 Nd7 21. Rd2 Nxe5 22. Rxe5 Rf6 23. Bf1 Nc6 24. Re1 Bf7 25. Ne2 e5 26. Nc3 Rd8 27. Red1 Nd4 28. a4 b4 29. Ne2 Nf5 30. h5 Ne3 31. Re1 Nxf1 32. Rxf1 Bxh5 33. Ng3 Bg6 34. Re1 b3 35. Rxe5 bxc2+ 36. Kc1 d4 37. Ne4 Bxe4 38. Rxe4 d3 39. Re3 Rfd6 40. b4 Rd4 41. g3 Kf7 42. b5 axb5 43. axb5 h5 44. b6 R8d7 45. b7 Rxb7 46. Rexd3 Rxd3 47. Rxd3 Rc7 48. Ra3 Rc5 49. Ra2 Rc3 50. Rxc2 Rxf3 51. Rg2 Kg6 52. g4 h4 53. Kd1 Kg5 54. Ke2 Rf4 0-1

[Event "Ortisei Server24 op 4th"]
[Site "Ortisei"]
[Date "2018.06.20"]
[Round "5"]
[White "Landi, Alberto"]
[Black "Solomon, Kenny"]
[Result "1/2-1/2"]
[WhiteElo "2198"]
[BlackElo "2419"]
[PlyCount "68"]
[EventDate "2018.06.16"]
[EventType "tourn"]
[EventRounds "9"]
[EventCountry "ITA"]
[SourceTitle "CBM 185 Extra"]
[Source "ChessBase"]
[SourceDate "2018.07.29"]
[SourceVersion "1"]
[SourceVersionDate "2018.07.29"]
[SourceQuality "1"]

1. e4 e5 2. Nf3 Nc6 3. Bb5 a6 4. Ba4 Nf6 5. 0-0 Be7 6. Re1 b5 7. Bb3 d6 8. c3 0-0 9. h3 Nb8 10. d4 Nbd7 11. Nbd2 c5 12. Nf1 Bb7 13. Ng3 g6 14. Bh6 Re8 15. Qd2 c4 16. Bc2 Qc7 17. d5 Nc5 18. Rf1 a5 19. Ng5 b4 20. f4 b3 21. axb3 cxb3 22. Bd1 Ba6 23. fxe5 dxe5 24. Be2 Bxe2 25. Qxe2 a4 26. Kh2 a3 27. Rxa3 Rxa3 28. bxa3 Rb8 29. Qc4 Qd6 30. Nf3 Nfd7 31. Be3 h5 32. Rb1 h4 33. Nf1 f5 34. N1d2 b2 1/2-1/2

[Event "ITA-ch rapid"]
[Site "Chianciano Terme"]
[Date "2018.03.31"]
[Round "7"]
[White "Mogranzini, Roberto"]
[Black "Landi, Alberto"]
[Result "1-0"]
[WhiteElo "2486"]
[BlackElo "2203"]
[PlyCount "109"]
[EventDate "2018.03.31"]
[EventType "swiss (rapid)"]
[EventRounds "7"]
[EventCountry "ITA"]
[SourceTitle "CBM 183 Extra"]
[Source "ChessBase"]
[SourceDate "2018.04.19"]
[SourceVersion "1"]
[SourceVersionDate "2018.04.19"]
[SourceQuality "1"]

1. Nf3 d5 2. c4 e6 3. g3 Nf6 4. Bg2 dxc4 5. Qa4+ Bd7 6. Qxc4 c5 7. d3 Bc6 8. a4 Nbd7 9. Nc3 Be7 10. 0-0 0-0 11. Qb3 Qc8 12. e4 Rd8 13. h3 h6 14. Be3 b6 15. Rfd1 Qb7 16. Bf4 Nh5 17. Be3 Nhf6 18. Ne1 Rac8 19. Qc2 a6 20. b3 b5 21. f4 e5 22. axb5 axb5 23. Qe2 Ra8 24. Nf3 exf4 25. gxf4 c4 26. Rxa8 Qxa8 27. bxc4 bxc4 28. Nd4 cxd3 29. Qxd3 Nc5 30. Qc2 Bxe4 31. Nxe4 Ncxe4 32. Nf5 Rxd1+ 33. Qxd1 Qa3 34. Nxe7+ Qxe7 35. Qd3 Qe6 36. Kh2 Qf5 37. Qd4 Kh7 38. Qe5 Qg6 39. f5 Qg3+ 40. Qxg3 Nxg3 41. Kxg3 g6 42. Bd4 Nh5+ 43. Kg4 Ng7 44. f6 Nf5 45. Bf2 h5+ 46. Kg5 Nd6 47. Bd5 Kg8 48. Kf4 Nf5 49. Be4 Nd6 50. Bd3 Ne8 51. Ke5 Nc7 52. Bc4 g5 53. Bb6 Ne8 54. Bb5 Nxf6 55. Kxf6 1-0

[Event "EU-ch U16 26th"]
[Site "Prague"]
[Date "2016.08.26"]
[Round "8"]
[White "Brejnik, Gustav"]
[Black "Landi, Alberto"]
[Result "1-0"]
[WhiteElo "1868"]
[BlackElo "2057"]
[PlyCount "75"]
[EventDate "2016.08.18"]
[EventType "swiss"]
[EventRounds "9"]
[EventCountry "CZE"]
[SourceTitle "CBM 174 Extra"]
[Source "ChessBase"]
[SourceDate "2016.10.10"]
[SourceVersion "1"]
[SourceVersionDate "2016.10.10"]
[SourceQuality "1"]

1. d4 d5 2. c4 e6 3. Nc3 c6 4. cxd5 exd5 5. Qc2 Nf6 6. Bg5 g6 7. e3 Bf5 8. Bd3 Bxd3 9. Qxd3 Nbd7 10. Nge2 Be7 11. 0-0 0-0 12. f3 Re8 13. Bh4 Qc7 14. Rad1 Rad8 15. e4 Nb6 16. e5 Nfd7 17. Bxe7 Rxe7 18. b3 f6 19. f4 fxe5 20. dxe5 Nc5 21. Qf3 Rf8 22. Qe3 Ne6 23. Kh1 Kh8 24. g4 c5 25. Nb5 Qd7 26. Nd6 d4 27. Qe4 Ng7 28. Ng3 Qxg4 29. Nxb7 Ne6 30. Ne2 Rxb7 31. Rg1 Qh5 32. Ng3 Qh4 33. Qxb7 Nxf4 34. Rdf1 Nbd5 35. Qxd5 Nxd5 36. Rxf8+ Kg7 37. Nf5+ Kxf8 38. Nxh4 1-0

[Event "EU-ch U16 26th"]
[Site "Prague"]
[Date "2016.08.24"]
[Round "6"]
[White "Jurasek, Vojtech"]
[Black "Landi, Alberto"]
[Result "0-1"]
[WhiteElo "1859"]
[BlackElo "2057"]
[PlyCount "140"]
[EventDate "2016.08.18"]
[EventType "swiss"]
[EventRounds "9"]
[EventCountry "CZE"]
[SourceTitle "CBM 174 Extra"]
[Source "ChessBase"]
[SourceDate "2016.10.10"]
[SourceVersion "1"]
[SourceVersionDate "2016.10.10"]
[SourceQuality "1"]

1. c4 Nf6 2. e3 e6 3. a3 d5 4. cxd5 exd5 5. Nf3 c6 6. d4 Bf5 7. Nc3 Nbd7 8. Be2 Bd6 9. 0-0 0-0 10. b4 b5 11. Qb3 Nb6 12. Bd2 Nc4 13. Rfc1 Ne4 14. Be1 Re8 15. a4 a6 16. Nxe4 Bxe4 17. Nd2 Qe7 18. Nxe4 Qxe4 19. axb5 axb5 20. Qd3 Qh4 21. h3 Qe7 22. Qb3 g6 23. Rcb1 f5 24. g3 f4 25. gxf4 Rxa1 26. Rxa1 Bxf4 27. Bxc4 bxc4 28. Qb2 Bc7 29. Qe2 Qd6 30. Qg4 h5 31. Qf3 Rf8 32. Qg2 Rf5 33. Ra6 Qf6 34. Kf1 Rg5 35. Qh1 Qf5 36. Ra3 Qb1 37. Qf3 Rf5 38. Qg2 Rf6 39. Qg5 Rf7 40. Qg2 Bd6 41. Ra8+ Kh7 42. f4 Bxf4 43. Qf3 Qd3+ 44. Kg2 Qxe3 45. Qxe3 Bxe3 46. Ra6 Bxd4 47. Rxc6 Re7 48. Kf1 Re3 49. Rd6 Rxh3 50. Rxd5 Bc3 51. Bxc3 Rxc3 52. Rd4 g5 53. b5 Rb3 54. Rd5 Kg6 55. Rc5 h4 56. Rxc4 Rxb5 57. Kg2 Rb2+ 58. Kh3 Rb3+ 59. Kg2 Kf5 60. Rc5+ Kg4 61. Rc4+ Kh5 62. Rc5 h3+ 63. Kh2 Kh4 64. Rc4+ g4 65. Rc1 g3+ 66. Kh1 Rb4 67. Rg1 g2+ 68. Kh2 Rf4 69. Re1 Rf1 70. Rxf1 gxf1N+ 0-1

[Event "EU-ch U16 26th"]
[Site "Prague"]
[Date "2016.08.22"]
[Round "5"]
[White "Landi, Alberto"]
[Black "Holton, Jake"]
[Result "1/2-1/2"]
[WhiteElo "2057"]
[BlackElo "1832"]
[PlyCount "73"]
[EventDate "2016.08.18"]
[EventType "swiss"]
[EventRounds "9"]
[EventCountry "CZE"]
[SourceTitle "CBM 174 Extra"]
[Source "ChessBase"]
[SourceDate "2016.10.10"]
[SourceVersion "1"]
[SourceVersionDate "2016.10.10"]
[SourceQuality "1"]

1. e4 e6 2. d3 d5 3. Qe2 Nf6 4. Nf3 Be7 5. g3 c5 6. Bg2 Nc6 7. 0-0 0-0 8. e5 Nd7 9. c4 d4 10. h4 f6 11. exf6 Nxf6 12. Bg5 Qc7 13. Re1 Bd6 14. Nfd2 e5 15. Ne4 Nxe4 16. Bxe4 Kh8 17. Bc1 Qf7 18. Nd2 Bg4 19. f3 Be6 20. Bxc6 bxc6 21. Ne4 Be7 22. Rf1 Qg6 23. Qg2 Bf5 24. Bd2 Rab8 25. b3 Bxe4 26. fxe4 Rf6 27. Rxf6 gxf6 28. Qh3 Rg8 29. Kh2 Bf8 30. h5 Qg4 31. Qxg4 Rxg4 32. Rf1 Be7 33. Kh3 Rg8 34. Rf3 Kg7 35. Rf5 Kf7 36. g4 Ke6 37. Rf1 1/2-1/2

[Event "EU-ch U16 26th"]
[Site "Prague"]
[Date "2016.08.18"]
[Round "1"]
[White "Landi, Alberto"]
[Black "Warmerdam, Max"]
[Result "0-1"]
[WhiteElo "2057"]
[BlackElo "2372"]
[PlyCount "86"]
[EventDate "2016.08.18"]
[EventType "swiss"]
[EventRounds "9"]
[EventCountry "CZE"]
[SourceTitle "CBM 174 Extra"]
[Source "ChessBase"]
[SourceDate "2016.10.10"]
[SourceVersion "1"]
[SourceVersionDate "2016.10.10"]
[SourceQuality "1"]

1. e4 e5 2. Nf3 Nc6 3. Bb5 a6 4. Ba4 Nf6 5. 0-0 Be7 6. Re1 b5 7. Bb3 d6 8. c3 0-0 9. h3 Na5 10. Bc2 c5 11. d4 Qc7 12. Nbd2 cxd4 13. cxd4 Nc6 14. Nb3 a5 15. Be3 a4 16. Nbd2 Bd7 17. Rc1 Qb7 18. Nf1 Rfc8 19. Ng3 Bf8 20. Bg5 Ne8 21. Nf1 h6 22. Bh4 g6 23. dxe5 dxe5 24. Ne3 Bg7 25. Nd5 Be6 26. Bb1 Kh7 27. Qd3 Nd4 28. Nxd4 exd4 29. Qf3 Rxc1 30. Rxc1 Rc8 31. Re1 d3 32. Bxd3 Bxb2 33. Rb1 a3 34. Nf6+ Nxf6 35. Bxf6 Bxf6 36. Qxf6 b4 37. Qd4 b3 38. axb3 a2 39. Ra1 Qxb3 40. e5 Rc3 41. Bf1 Qb2 42. Qd1 Rb3 43. Kh2 Qxa1 0-1

[Event "Olbia CIG U16 24th"]
[Site "Olbia"]
[Date "2016.06.30"]
[Round "7"]
[White "Pirrello, Christian"]
[Black "Landi, Alberto"]
[Result "1/2-1/2"]
[WhiteElo "1907"]
[BlackElo "2035"]
[PlyCount "45"]
[EventDate "2016.06.26"]
[EventType "swiss"]
[EventRounds "9"]
[EventCountry "ITA"]
[SourceTitle "EXT 2024"]
[Source "ChessBase"]
[SourceDate "2023.10.10"]
[SourceVersion "1"]
[SourceVersionDate "2023.10.10"]
[SourceQuality "1"]

1. d4 d5 2. c4 e6 3. Nc3 c6 4. Nf3 Nf6 5. cxd5 exd5 6. Bg5 Be7 7. Qc2 g6 8. e3 Bf5 9. Bd3 Bxd3 10. Qxd3 Nbd7 11. 0-0 0-0 12. Bxf6 Nxf6 13. Ne5 Bd6 14. f4 Qe7 15. Rae1 Ne4 16. Nxe4 dxe4 17. Qb3 Kg7 18. Rc1 Rac8 19. Rc2 c5 20. Rfc1 f6 21. Ng4 b6 22. Nf2 Rcd8 23. d5 1/2-1/2

[Event "Olbia CIG U16 24th"]
[Site "Olbia"]
[Date "2016.06.28"]
[Round "4"]
[White "Landi, Alberto"]
[Black "Carnicelli, Valerio"]
[Result "1/2-1/2"]
[WhiteElo "2035"]
[BlackElo "2256"]
[PlyCount "27"]
[EventDate "2016.06.26"]
[EventType "swiss"]
[EventRounds "9"]
[EventCountry "ITA"]
[SourceTitle "EXT 2024"]
[Source "ChessBase"]
[SourceDate "2023.10.10"]
[SourceVersion "1"]
[SourceVersionDate "2023.10.10"]
[SourceQuality "1"]

1. e4 e5 2. Nf3 Nc6 3. Bb5 f5 4. Nc3 fxe4 5. Nxe4 Nf6 6. Nxf6+ Qxf6 7. Qe2 Be7 8. Bxc6 dxc6 9. Nxe5 Bf5 10. 0-0 0-0 11. d4 Kh8 12. b3 Rae8 13. Bb2 Bd6 14. f4 1/2-1/2